000 00693nam a22002537a 4500
005 20260407152312.0
008 260407b2016 |||||||| |||| 00| 0 spa d
041 _aESP
082 _a364.4 C737c
100 _aCOMESCO
245 _aCompendio de Investigaciones Relacionadas con la Convivencia y Seguridad Ciudadana en Costa Rica
260 _aCosta Rica
260 _bCOMESCO
260 _c2016
300 _a150 pƔginas
490 _aInvestigación Criminal
650 _aCONVIVENCIA CIUDADANA
650 _aSEGURIDAD CIUDADANA
650 _aCOSTA RICA
650 _aVIOLENCIA FEMENINA
650 _aCONTROL DE DROGAS
650 _aVIOLENCIA EDUCATIVA
942 _2ddc
_cBK
999 _c13925
_d13925